Distritos do Ceará em um Mapa - Statistics

Estatísticas Gerais
  • Esse quiz foi jogado 178 vezes
  • A pontuação média é 81 de 896
Respostas no mapa
Respostas codificadas por cores de uma escala verde-vermelha no mapa do quiz de acordo com a % correta abaixo.
 
Estatísticas das Respostas
Município Distrito % Correto
Fortaleza Fortaleza
78%
Irauçuba | Penaforte | Quixadá Juá
55%
Caucaia Caucaia
50%
Juazeiro do Norte Juazeiro do Norte
49%
Sobral Sobral
43%
Crato Crato
37%
Maracanaú Maracanaú
37%
Quixadá Quixadá
35%
Ereré São João
35%
Aquiraz Aquiraz
34%
Barbalha Barbalha
34%
Aracati Aracati
33%
Canindé Canindé
33%
Eusébio Eusébio
33%
Itapipoca Itapipoca
33%
Crateús Crateús
32%
Ipu Ipu
31%
Fortaleza Messejana
31%
Beberibe Beberibe
30%
Quixeramobim Quixeramobim
30%
Russas Russas
30%
Santa Quitéria Santa Quitéria
30%
Nova Russas São Pedro
30%
Guaramiranga Guaramiranga
29%
Horizonte Horizonte
29%
Icó Icó
29%
Iguatu Iguatu
28%
São Gonçalo do Amarante São Gonçalo do Amarante
28%
Jaguaribe Jaguaribe
27%
Acopiara | Barro | Cedro | Crateús Santo Antônio
27%
Ararendá Santo Antonio
27%
Abaiara | Ipueiras | Iracema | +2 others São José
27%
Tauá Tauá
27%
Camocim Camocim
26%
Cascavel Cascavel
26%
Cruz | Itapajé Cruz
26%
Maranguape Maranguape
26%
Crateús Santana
26%
Acaraú Acaraú
25%
Amontada Amontada
25%
Barro Barro
25%
Canindé Campos
25%
Cedro | Chorozinho Cedro
25%
Croatá | São Gonçalo do Amarante | Varjota Croatá
25%
Milhã Ipueira
25%
Mombaça | Morada Nova Morada Nova
25%
Ipaporanga Mulungú
25%
Mulungu | Piquet Carneiro Mulungu
25%
Orós Orós
25%
Pacajus Pacajus
25%
Fortaleza Parangaba
25%
São Gonçalo do Amarante Pecém
25%
Tianguá Tianguá
25%
Amontada Icaraí
23%
Itarema Itarema
23%
Jijoca de Jericoacoara Jijoca de Jericoacoara
23%
Limoeiro do Norte Limoeiro do Norte
23%
Missão Velha Missão Velha
23%
Paracuru Paracuru
23%
Tabuleiro do Norte Tabuleiro do Norte
23%
Trairi Trairi
23%
Aracoiaba Aracoiaba
22%
Aiuaba | Fortim | Milhã Barra
22%
Baturité Baturité
22%
Boa Viagem Boa Viagem
22%
Choró Choró
22%
Granja Granja
22%
Icapuí Icapuí
22%
Nova Russas Nova Russas
22%
Pacatuba Pacatuba
22%
São Benedito São Benedito
22%
Varjota Varjota
22%
Alto Santo Alto Santo
21%
Banabuiú Banabuiú
21%
Campos Sales Campos Sales
21%
Cariré Cariré
21%
Jati Carnaúba
21%
Chaval Chaval
21%
Chorozinho Chorozinho
21%
Beberibe | Forquilha Forquilha
21%
Fortim Fortim
21%
Itaitinga Itaitinga
21%
Itapajé Itapajé
21%
Jaguaribara Jaguaribara
21%
Cariré Jucá
21%
Madalena Madalena
21%
Marco Marco
21%
Quiterianópolis Quiterianópolis
21%
Redenção Redenção
21%
Salitre Salitre
21%
Jaguaruana | Uruburetama Santa Luzia
21%
São Luís do Curu São Luís do Curu
21%
Icó | Mombaça São Vicente
21%
Senador Pompeu Senador Pompeu
21%
Várzea Alegre Várzea Alegre
21%
Fortim | Ibicuitinga Viçosa
21%
Viçosa do Ceará Viçosa do Ceará
21%
Acarape Acarape
20%
Araripe Araripe
20%
Assaré Assaré
20%
Aurora | Deputado Irapuan Pinheiro Aurora
20%
Barreira Barreira
20%
Barroquinha Barroquinha
20%
Brejo Santo Brejo Santo
20%
Groaíras Groaíras
20%
Jardim | Paracuru Jardim
20%
Meruoca Meruoca
20%
Milhã Milhã
20%
Reriutaba Reriutaba
20%
Novo Oriente Santa Maria
20%
Aracati | Croatá | Tauá Santa Tereza
20%
Meruoca | Quiterianópolis São Francisco
20%
Farias Brito Farias Brito
19%
Graça Graça
19%
Guaiúba Guaiúba
19%
Hidrolândia Hidrolândia
19%
Iracema Iracema
19%
Irauçuba Irauçuba
19%
Jati Jati
19%
Caucaia | Jaguaruana Jurema
19%
Massapê Massapê
19%
Nova Olinda Nova Olinda
19%
Palmácia Palmácia
19%
Aracoiaba | Pedra Branca Pedra Branca
19%
Crateús Poti
19%
Quixelô Quixelô
19%
Saboeiro Saboeiro
19%
Umirim Umirim
19%
Uruburetama Uruburetama
19%
Abaiara Abaiara
18%
Acopiara Acopiara
18%
Itarema Almofala
18%
Caririaçu Caririaçu
18%
Catunda Catunda
18%
Ipu | Russas Flores
18%
Ibiapina Ibiapina
18%
Itatira Itatira
18%
Jaguaretama Jaguaretama
18%
Jaguaruana Jaguaruana
18%
Paraipaba | Quixeré Lagoinha
18%
Martinópole Martinópole
18%
Mauriti Mauriti
18%
Jucás Mel
18%
Miraíma Miraíma
18%
Mombaça Mombaça
18%
Fortaleza Mondubim
18%
Pacoti Pacoti
18%
Pentecoste Pentecoste
18%
Piquet Carneiro Piquet Carneiro
18%
Poranga Poranga
18%
Quixeré Quixeré
18%
Santana do Acaraú Santana do Acaraú
18%
Santana do Cariri Santana do Cariri
18%
Solonópole Solonópole
18%
Tejuçuoca Tejuçuoca
18%
Ubajara Ubajara
18%
Aratuba Aratuba
17%
Baixio | Deputado Irapuan Pinheiro Baixio
17%
Capistrano Capistrano
17%
Alto Santo Castanhão
17%
Ipueiras Ipueiras
17%
Itatira Morro Branco
17%
Guaraciaba do Norte | Mucambo Mucambo
17%
Pereiro Pereiro
17%
Pindoretama Pindoretama
17%
Cedro | Mauriti | Quixeramobim São Miguel
17%
Alcântaras Alcântaras
16%
Altaneira Altaneira
16%
Antonina do Norte Antonina do Norte
16%
Fortaleza Antônio Bezerra
16%
Bela Cruz Bela Cruz
16%
Baturité | Mombaça | Paraipaba Boa Vista
16%
Caridade Caridade
16%
Cariús Cariús
16%
Catarina Catarina
16%
Caucaia Catuana
16%
Frecheirinha Frecheirinha
16%
General Sampaio General Sampaio
16%
Guaraciaba do Norte Guaraciaba do Norte
16%
Lavras da Mangabeira Lavras da Mangabeira
16%
Morrinhos Morrinhos
16%
Ocara Ocara
16%
Pacujá Pacujá
16%
Paraipaba Paraipaba
16%
Granja Parazinho
16%
Penaforte Penaforte
16%
Brejo Santo Poço
16%
Massapê Aiuá
15%
Apuiarés Apuiarés
15%
Ararendá Ararendá
15%
Arneiroz Arneiroz
15%
Carnaubal Carnaubal
15%
Ereré Ereré
15%
Tamboril Holanda
15%
Ibicuitinga Ibicuitinga
15%
Independência Independência
15%
Ipaporanga Ipaporanga
15%
Ipaumirim Ipaumirim
15%
Itaiçaba Itaiçaba
15%
Novo Oriente Novo Oriente
15%
Crateús | Ibaretama | Parambu Oiticica
15%
Mauriti Olho D'água
15%
Juazeiro do Norte | Milagres Padre Cícero
15%
Maracanaú Pajuçara
15%
Paramoti Paramoti
15%
Sobral Patos
15%
Potengi Potengi
15%
Barro | Miraíma | Parambu Riachão
15%
Penaforte Santo André
15%
São João do Jaguaribe São João do Jaguaribe
15%
Granjeiro Serrinha
15%
Boa Viagem Águas Belas
14%
Aiuaba Aiuaba
14%
Barroquinha Araras
14%
Cariús | Crato | Itapipoca | Tianguá Bela Vista
14%
Croatá | Deputado Irapuan Pinheiro | Hidrolândia | Ibiapina Betânia
14%
Alto Santo | Miraíma Bom Jesus
14%
Boa Viagem Boqueirão
14%
Aurora | Itatira | Maranguape Cachoeira
14%
Cedro Candeias
14%
Deputado Irapuan Pinheiro Deputado Irapuan Pinheiro
14%
Granjeiro Granjeiro
14%
Crateús Ibiapaba
14%
Maranguape Itapebussu
14%
Itapiúna Itapiúna
14%
Monsenhor Tabosa Monsenhor Tabosa
14%
Pires Ferreira Pires Ferreira
14%
Porteiras Porteiras
14%
Potiretama Potiretama
14%
Choró Santa Rita
14%
Tamboril Tamboril
14%
Itapipoca Baleia
13%
Iguatu Barreiras
13%
Senador Pompeu | Sobral Bonfim
13%
Madalena Cajazeiras
13%
Cascavel Caponga
13%
Coreaú Coreaú
13%
Pacoti Fátima
13%
Jucás Jucás
13%
Milagres Milagres
13%
Missão Velha Missão Nova
13%
Moraújo Moraújo
13%
Trairi | Uruburetama Mundaú
13%
Arneiroz | Ocara Novo Horizonte
13%
Parambu Parambu
13%
Amontada Sabiaguaba
13%
Pacoti Santa Ana
13%
Novo Oriente São Raimundo
13%
Senador Sá Senador Sá
13%
São Gonçalo do Amarante Taiba
13%
Tarrafas Tarrafas
13%
Tururu Tururu
13%
Umari Umari
13%
Uruoca Uruoca
13%
Tarrafas Vila Nova
13%
Ipueiras Barrocas
12%
Quixeramobim Belém
12%
Barroquinha Bitupitá
12%
Araripe | Barro Brejinho
12%
Cariré Cacimbas
12%
Ibaretama Ibaretama
12%
Iguatu José de Alencar
12%
Fortim Maceió
12%
Farias Brito | Nova Russas Nova Betânia
12%
Icó Pedrinhas
12%
Paracuru Poço Doce
12%
Quixadá | Várzea Alegre Riacho Verde
12%
Baturité | Cariús São Sebastião
12%
São Gonçalo do Amarante Siupé
12%
Abaiara | Chorozinho Triângulo
12%
Caririaçu Valência
12%
Guaiúba Água Verde
11%
Cariré Arariús
11%
Coreaú Aroeiras
11%
Cedro | Itapipoca | Solonópole Assunção
11%
Redenção | Tauá Barra Nova
11%
Santana do Acaraú Barro Preto
11%
Canindé Bonito
11%
Caririaçu Cachoeirinha
11%
Forquilha Cacimbinha
11%
Hidrolândia | Tururu Conceição
11%
Parambu Gavião
11%
Aquiraz Jacaúna
11%
Senador Pompeu Lagoa Nova
11%
Pedra Branca Mineirolândia
11%
Palhano Palhano
11%
Morada Nova Pedras
11%
Russas Peixe
11%
Guaramiranga Pernambuquinho
11%
Quixadá São Bernardo
11%
Antonina do Norte Taboleiro
11%
Ipaporanga Água Branca
10%
Canindé | Cruz | Tarrafas Caiçara
10%
Mombaça Carnaúbas
10%
Mombaça Catolé
10%
Canindé Esperança
10%
Fortim Guajiru
10%
Tauá Inhamuns
10%
Icapuí Manibú
10%
Abaiara Oitis
10%
Catunda Paraíso
10%
Pacatuba Pavuna
10%
Miraíma Poço da Onça
10%
Horizonte Queimados
10%
Araripe Riacho Grande
10%
Pires Ferreira Santo Izidro
10%
Caridade São Domingos
10%
Pacatuba Senador Carlos Jereissati
10%
São Gonçalo do Amarante Serrote
10%
Tamboril Sucesso
10%
Ipaporanga Torrões
10%
Santa Quitéria Areal
9%
Itatira Bandeira
9%
Parambu Campo Grande
9%
Mauriti Coité
9%
Guaiúba Dourado
9%
Trairi Fleicheiras
9%
Aquiraz Justiniano de Serpa
9%
Amontada | Barreira | Morada Nova | Russas Lagoa Grande
9%
Banabuiú Laranjeiras
9%
Barro | Canindé Monte Alegre
9%
Jaguaribe Nova Floresta
9%
Araripe Pajeú
9%
Bela Cruz Prata
9%
Caucaia Sítios Novos
9%
Araripe Alagoinha
8%
Maranguape Amanari
8%
Monsenhor Tabosa | Potengi | São Benedito Barreiros
8%
Saboeiro Barrinha
8%
Miraíma Brotas
8%
Mombaça Cipó
8%
Pacoti Colina
8%
Jardim Fazenda Nova
8%
Jaguaribe Feiticeiro
8%
Palmácia Gado
8%
Sobral Jordão
8%
Maranguape Lages
8%
Ipueiras Livramento
8%
Poranga Macambira
8%
Parambu Miranda
8%
Campos Sales | Choró Monte Castelo
8%
Tamboril Oliveiras
8%
Novo Oriente | Orós Palestina
8%
Beberibe Paripueira
8%
Jucás Poço Grande
8%
Mucambo Poço Verde
8%
Crato Santa Rosa
8%
Acopiara São Paulinho
8%
Santana do Acaraú Sapó
8%
Beberibe Sucatinga
8%
Nova Olinda Triunfo
8%
Madalena União
8%
Independência Várzea Grande
8%
Quixeré Água Fria
7%
Crato Belmonte
7%
Moraújo | Tamboril Boa Esperança
7%
Santana do Cariri Brejo Grande
7%
Poranga Buritizal
7%
Tamboril Carvalho
7%
Jardim Corrente
7%
Cascavel Cristais
7%
Horizonte Dourados
7%
Barbalha Estrela
7%
Boa Viagem Ipiranga
7%
Itatira Lagoa do Mato
7%
Santa Quitéria Lisieux
7%
Saboeiro Malhada
7%
Lavras da Mangabeira Mangabeira
7%
Amontada Moitas
7%
Chaval | Quixeramobim Passagem
7%
Maranguape Penedo
7%
Granja Pessoa Anta
7%
Umari Pio X
7%
Milagres Rosário
7%
Crato Santa Fé
7%
Mauriti São Félix
7%
Itapajé São Tomé
7%
Maranguape Sapupara
7%
Camocim Amarelas
6%
Sobral Aracatiaçu
6%
Santana do Acaraú Bahia
6%
Campos Sales Barão de Aquiraz
6%
Poranga Cachoeira Grande
6%
Crato Campo Alegre
6%
Apuiarés | Jucás Canafístula
6%
Graça Lapa
6%
Icó Lima Campos
6%
Santa Quitéria Macaraú
6%
Independência Monte Sinai
6%
Caririaçu Primavera
6%
Uruburetama Retiro
6%
Reriutaba Amanaiara
5%
Sobral Bilheira
5%
Barbalha Caldas
5%
Barreira Córrego
5%
Hidrolândia Irajá
5%
Santa Quitéria Logradouro
5%
Santa Quitéria Malhada Grande
5%
Tauá Marrecas
5%
Aracati Mata Fresca
5%
Irauçuba Missi
5%
Arneiroz Planalto
5%
Ipaporanga Sacramento
5%
Orós Santarém
5%
Croatá São Roque
5%
Sobral Taperuaba
5%
Forquilha | Santa Quitéria Trapiá
5%
Redenção Antônio Diogo
4%
Sobral Aprazível
4%
Acaraú Aranaú
4%
Salitre Caldeirão
4%
Ibicuitinga | Nova Russas | Potiretama | Várzea Alegre Canindezinho
4%
Sobral Caracará
4%
Tauá Carrapateiras
4%
Parambu Cococi
4%
Saboeiro Flamengo
4%
Aurora | Ipu Ingazeiras
4%
Sobral Jaibaras
4%
Cedro Lagedo
4%
Ipueiras Nova Fátima
4%
Beberibe Parajuru
4%
Sobral Pedra de Fogo
4%
Ibaretama Piranji
4%
Sobral Rafael Arruda
4%
Aurora Santa Vitória
4%
Cariús São Bartolomeu
4%
Umirim São Joaquim
4%
Acopiara Solidão
4%
Morada Nova Uiraponga
4%
Granja Adrianópolis
3%
Paramoti Água Boa
3%
Meruoca Anil
3%
Morada Nova Aruaru
3%
Limoeiro do Norte Bixopá
3%
Morada Nova Boa Água
3%
Russas Bonhu
3%
Jaguaruana Borges
3%
Sobral Caioca
3%
Itapiúna Caio Prado
3%
Reriutaba Campo Lindo
3%
Coreaú Canto
3%
Itapipoca Deserto
3%
Crato Dom Quintino
3%
Várzea Alegre Ibicatu
3%
Groaíras Itamaracá
3%
Aracoiaba Jaguarão
3%
Aracoiaba Jenipapeiro
3%
Acaraú Juritianha
3%
Tauá Marruás
3%
Várzea Alegre Naraniú
3%
Pires Ferreira Otavilândia
3%
Sobral Patriarca
3%
Itapajé Pitombeira
3%
Santa Quitéria Raimundo Martins
3%
Morada Nova Roldão
3%
Sobral Salgado dos Machados
3%
Forquilha Salgado dos Mendes
3%
Santa Quitéria Sangradouro
3%
Sobral São José do Torto
3%
Altaneira São Romão
3%
Morrinhos Sítio Alegre
3%
Cariré Tapuio
3%
Quixeré Tomé
3%
Quixeramobim Uruquê
3%
Alcântaras Ventura
3%
Tamboril Açudinho
2%
Quiterianópolis Algodões
2%
Lavras da Mangabeira Arrojado
2%
Jati Balanças
2%
Sobral Baracho
2%
Itapipoca Barrento
2%
Guaiúba | Iguatu Baú
2%
Madalena Cacimba Nova
2%
Várzea Alegre Calabaça
2%
Quixadá Califórnia
2%
Aquiraz Camará
2%
Uruoca Campanário
2%
Caridade Campos Belos
2%
Campos Sales Carmelópolis
2%
Milhã Carnaubinha
2%
Itarema Carvoeiro
2%
Quixadá Custódio
2%
Pires Ferreira Donato
2%
Senador Pompeu Engenheiro José Lopes
2%
Caririaçu Feitosa
2%
Amontada Garças
2%
Camocim Guriú
2%
Barro Iara
2%
Piquet Carneiro Ibicuã
2%
Icó Icozinho
2%
Aracoiaba Ideal
2%
Canindé Iguaçu
2%
Canindé Ipueiras dos Gomes
2%
Itapipoca Ipu Mazagão
2%
Campos Sales Itaguá
2%
Missão Velha Jamacaru
2%
Miraíma Juremal
2%
Crateús Lagoa das Pedras
2%
Aracoiaba Lagoa de São João
2%
Amontada Nascente
2%
Quixeramobim Nenelândia
2%
Tabuleiro do Norte Olho-d'Água da Bica
2%
Massapê Padre Linhares
2%
Crato Ponta da Serra
2%
Lavras da Mangabeira Quitaiús
2%
Crateús Realejo
2%
Russas São João de Deus
2%
Aquiraz Tapera
2%
Canindé Targinos
2%
Russas Timbaúba de NossaSenhora das Dores
2%
Aurora Tipi
2%
Tauá Trici
2%
Massapê Tuína
2%
Canindé Ubiraçu
2%
Catunda Video
2%
Lavras da Mangabeira Amaniutuba
1%
Assaré Amaro
1%
Horizonte Aningas
1%
Amontada Aracatiara
1%
Santana do Cariri Araporanga
1%
Crateús Assis
1%
Itapajé | Jati Baixa Grande
1%
Milhã Baixa Verde
1%
Acopiara Barra do Ingá
1%
Quixeramobim Berilândia
1%
Alto Santo Boa Fé
1%
Caucaia Bom Princípio
1%
Alto Santo Cabrito
1%
Arneiroz Cachoeira de Fora
1%
Choró Caiçarinha
1%
Trairi Canaan
1%
Mombaça | Solonópole Cangati
1%
Pedra Branca Capitão Mor
1%
Canindé Capitão Pedro Sampaio
1%
Piquet Carneiro Catolé da Pista
1%
Tejuçuoca | Umirim Caxitoré
1%
Senador Pompeu Codiá
1%
Itapipoca Cruxati
1%
Barro Cuncas
1%
Quixeramobim Damião Carneiro
1%
Quixadá Daniel de Queiróz
1%
Quixadá Dom Maurício
1%
Iracema | Pindoretama Ema
1%
Independência Ematuba
1%
Quixeramobim Encantado
1%
Jaguaruana Figueiredo
1%
Viçosa do Ceará General Tibúrcio
1%
Jaguaruana Giqui
1%
Trairi Gualdrapas
1%
Cascavel Guanacés
1%
Boa Viagem Guia
1%
Lavras da Mangabeira Iborepi
1%
São Benedito Inhuçu
1%
Crateús | Nova Russas Irapuá
1%
Ubajara Jaburuna
1%
Quixeramobim Lacerda
1%
Maranguape Ladeira Grande
1%
Viçosa do Ceará Manhoso
1%
Quixeramobim Manituba
1%
Juazeiro do Norte Marrocos
1%
Ipueiras Matriz
1%
Caucaia Mirambé
1%
Marco Mocambo
1%
Crateús Montenebo
1%
Massapê Mumbaba
1%
Santana do Acaraú Mutambeiras
1%
Monsenhor Tabosa Nossa Senhora do Livramento
1%
Aratuba Pai João
1%
Mauriti Palestina do Cariri
1%
Missão Velha Quimami
1%
Campos Sales Quixariú
1%
Banabuiú Rinaré
1%
Santa Quitéria Saco do Belém
1%
Jucás São Pedro do Norte
1%
Beberibe Serra do Félix
1%
Barro | Senador Sá Serrota
1%
Itapajé Soledade
1%
Iguatu Suassurana
1%
Guaraciaba do Norte Sussuanha
1%
Maranguape Tanques
1%
Jardim Taquari
1%
Granja Timonha
1%
Independência Tranqueiras
1%
Acopiara Trussu
1%
Caucaia Tucunduba
1%
Mauriti Umburanas
1%
Canindé Vazante do Curú
1%
Aracoiaba Vazantes
1%
Deputado Irapuan Pinheiro Velame
1%
Ipu Abílio Martins
0%
Ibicuitinga Açude dos Pinheiros
0%
Mombaça Açudinho dos Costas
0%
Itapajé Aguaí
0%
Ipueiras Alazans
0%
Ibiapina Alto Lindo
0%
Ipueiras América
0%
Mauriti Anauá
0%
Santana do Cariri Anjinhos
0%
Quixelô Antonico
0%
Maranguape Antônio Marques
0%
Jaguaribe Aquinópolis
0%
Barbalha Arajara
0%
Tianguá Arapá
0%
Itapipoca Arapari
0%
Coreaú Araquém
0%
Assaré Aratama
0%
Ubajara Araticum
0%
Ocara Arisco dos Marianos
0%
Santana do Acaraú Baixa Fria
0%
Jucás Baixio da Donana
0%
Crato Baixio das Palmeiras
0%
Alto Santo Baixio Grande
0%
Ipueiras Balseiros
0%
Choró Barbada
0%
Croatá Barra do Sotero
0%
Aracati Barreira dos Vianas
0%
Iguatu Barro Alto
0%
Iracema Bastiões
0%
Alto Santo Batoque
0%
Irauçuba Boa Vista do Caxitoré
0%
Mauriti Buritizinho
0%
Aracati Cabreiro
0%
Independência Cachoeira do Fogo
0%
Milagres Café da Linha
0%
São Gonçalo do Amarante Cágado
0%
Cariús Caipu
0%
Ipaporanga Cajás dos Jorges
0%
Assaré Cajazeiras dos Simiões
0%
Itapipoca Calugi
0%
Paraipaba Camboas
0%
Meruoca Camilos
0%
Chorozinho | Fortim Campestre
0%
Granjeiro Canabrava dos Ferreiras
0%
Ipaumirim Canaúna
0%
Pindoretama Capim de Roça
0%
Aquiraz Caponga da Bernarda
0%
Pindoretama Caponguinha
0%
Farias Brito Cariutaba
0%
Mucambo Carqueijo
0%
Tianguá Caruataí
0%
Tururu Cemoaba
0%
Ibicuitinga Chile
0%
Quixadá Cipó dos Anjos
0%
Aracati Córrego dos Fernandes
0%
Trairi Córrego Fundo
0%
Pereiro Crioulos
0%
Icó Cruzeirinho
0%
Tamboril Curatis
0%
Crateús Curral Velho
0%
Ocara Curupira
0%
Boa Viagem Domingos da Costa
0%
Santana do Cariri Dom Leme
0%
Acopiara Ebron
0%
Novo Oriente Emaús
0%
Ipueiras Engenheiro João Tomé
0%
Barro Engenho Velho
0%
Nova Russas Espacinha
0%
Redenção Faísca
0%
Saboeiro Felipe
0%
Ipaumirim Felizardo
0%
Milagres Fronteiro
0%
Iguatu Gadelha
0%
Palmácia Gados dos Rodrigues
0%
Ipueiras Gázea
0%
Assaré Genezaré
0%
Caucaia Guararu
0%
Redenção Guassi
0%
Orós Guassussê
0%
Independência Iapi
0%
Icapuí Ibicuitaba
0%
Boa Viagem Ibuaçu
0%
Granja Ibuguaçu
0%
Orós Igarói
0%
Massapê Ipaguaçu
0%
Itapajé Iratinga
0%
Acopiara Isidoro
0%
Guaiúba Itacima
0%
Uruburetama Itacolomy
0%
Pacajus Itaipaba
0%
Itapiúna Itans
0%
Beberibe Itapeim
0%
Boa Viagem Jacampari
0%
Cascavel Jacarecoara
0%
Independência Jandrangoeira
0%
Jardim Jardimirim
0%
Aracati Jirau
0%
Santana do Acaraú João Cordeiro
0%
Aquiraz João de Castro
0%
Viçosa do Ceará Juá dos Vieiras
0%
Quixadá Juatama
0%
Morada Nova Juazeiro de Baixo
0%
Maranguape Jubaia
0%
Croatá Lagoa da Cruz
0%
Itapipoca Lagoa das Mercês
0%
Barreira | Ipaporanga Lagoa do Barro
0%
Acaraú Lagoa do Carneiro
0%
Maranguape Lagoa do Juvenal
0%
Salitre Lagoa dos Crioulos
0%
Viçosa do Ceará Lambedouro
0%
Madalena Macaoca
0%
Jati Mãe D'Água
0%
Nova Russas Major Simplício
0%
Mombaça Manoel Correia
0%
Maranguape Manoel Guedes
0%
Jaguaribe Mapuá
0%
Deputado Irapuan Pinheiro Maratoã
0%
Choró Maravilha
0%
Itapipoca Marinheiros
0%
Guaraciaba do Norte Martinslândia
0%
Boa Viagem Massapê dos Paes
0%
Pentecoste Matias
0%
Nova Russas Miguel Antônio
0%
Aracoiaba Milton Belo
0%
Caririaçu Miragem
0%
Pacatuba Monguba
0%
Crato Monte Alverne
0%
Milhã Monte Grave
0%
Parambu Monte Sion
0%
Nova Russas Moringue
0%
Guaraciaba do Norte Morrinhos Novos
0%
Amontada Mosquito
0%
Trairi Munguba
0%
Ipueiras Nova Graça
0%
Mauriti Nova Santa Cruz
0%
Ubajara Nova Veneza
0%
Ibaretama Nova-Vida
0%
Parambu Novo Assis
0%
Guaiúba Núcleo Colonial PioXII (São Gerônimo)
0%
Abaiara Olho D'Água de Pedras
0%
Boa Viagem Olho D'Água do Bezerril
0%
Boa Viagem Olho d'Água dos Facundos
0%
Viçosa do Ceará Padre Vieira
0%
Meruoca Palestina do Norte
0%
Itapiúna Palmatória
0%
Marco Panacuí
0%
Maranguape Papara
0%
Uruoca Paracuá
0%
Santana do Acaraú Parapuí
0%
Pacajus Pascoal
0%
Viçosa do Ceará Passagem da Onça
0%
Solonópole Pasta
0%
Aquiraz Patacas
0%
Chorozinho Patos dos Liberatos
0%
Madalena Paus Branco
0%
Ibaretama Pedra e Cal
0%
Banabuiú Pedras Brancas
0%
Tabuleiro do Norte Peixe Gordo
0%
Tianguá Pindoguaba
0%
Cascavel Pitombeiras
0%
Aracoiaba Plácido Martins
0%
Amontada Poço Comprido
0%
Boa Viagem Poço da Pedra
0%
Campos Sales Poço das Pedras
0%
Santana do Cariri Pontal da Santa Cruz
0%
Pentecoste Porfírio Sampaio
0%
Pindoretama Pratiús
0%
Solonópole Prefeita Suely Pinheiro
0%
Viçosa do Ceará Quatiguaba
0%
Acopiara Quincoê
0%
Farias Brito Quincuncá
0%
Ararendá Ramadinha
0%
Ipu Recanto
0%
Croatá Repartição
0%
Santa Quitéria Riacho da Pedras
0%
Iguatu Riacho Vermelho
0%
Senador Sá Salão
0%
Granja Sambaíba
0%
Pedra Branca Santa Cruz do Banabuiú
0%
Acopiara Santa Felícia
0%
Ibiapina Santo Antônio da Pindoba
0%
Meruoca Santo Antônio dos Fernandes
0%
Brejo Santo São Filipe
0%
Maranguape São João do Amanari
0%
Quixadá São João dos Queirozes
0%
Senador Pompeu São Joaquim do Salgado
0%
Ipueiras São José das Lontras
0%
Solonópole São José de Solonópole
0%
Jaguaruana São José do Lagamar
0%
Tururu São Pedro do Gavião
0%
Jaguaruana Saquinho
0%
Pentecoste Sebastião de Abreu
0%
Ocara Sereno de Cima
0%
Ocara Serragem
0%
Itapajé Serrote do Meio
0%
Porteiras Simão
0%
Banabuiú Sitiá
0%
Ipaporanga Sítio Araras
0%
Tianguá Tabainha
0%
Massapê Tangente
0%
Quixadá Tapuiará
0%
Chorozinho Timbaúba dos Marinheiros
0%
Ereré Tomé Vieira
0%
Novo Oriente Três Irmãos
0%
Pedra Branca Tróia
0%
Crateús Tucuns
0%
Coreaú Ubaúna
0%
São Gonçalo do Amarante Umarituba
0%
Maranguape Umarizeiras
0%
Cedro Várzea da Conceição
0%
Boa Viagem Várzea da Ipueira
0%
Quixadá Várzea da Onça
0%
Moraújo Várzea da Volta
0%
Ipu Várzea do Giló
0%
Guaraciaba do Norte Várzea dos Espinhos
0%
Maranguape Vertentes do Lagedo
0%
Apuiarés Vila Soares
0%
Croatá Vista Alegre
0%
Nenhum quiz correspondente encontrado
Distribuição das Pontuações
Porcentagem de Pessoas com Cada Pontuação
Percentil de Números Respondidos
Sua Pontuação Histórica
Você não jogou esse quiz